| 000 | 01005cam a22003253a 4500 | ||
|---|---|---|---|
| 001 | 16400059 | ||
| 003 | OSt | ||
| 005 | 20140310182301.0 | ||
| 008 | 990714s1999 vau c 000 1 eng d | ||
| 010 | _a 99481062 | ||
| 020 | _a0553486136 (pbk.) | ||
| 035 | _a(OCoLC)ocm41878381 | ||
| 040 |
_aZAB _cZAB _dSLC _dOCL _dOCLCQ _dDLC |
||
| 050 | 0 | 0 |
_aPZ 7 _b.P278s7 1999 |
| 082 | _aFIC P26sv #7 | ||
| 100 | 1 |
_aPascal, Francine. _93767 |
|
| 245 | 1 | 0 |
_aBoy meets girl / _ccreated by Francine Pascal. |
| 260 |
_aNew York : _bBantam Books, _c1999. |
||
| 300 |
_a176 p. ; _c18 cm. |
||
| 440 | 0 |
_aFrancine Pascal's SVH senior year ; _v7 _920651 |
|
| 521 | 0 | _aRL 6. | |
| 521 | 0 | _a12+. | |
| 650 | 0 |
_aHigh school students _vFiction. _920652 |
|
| 650 | 0 |
_aFriendship _vFiction. _920653 |
|
| 655 | 7 |
_aYoung adult fiction. _2lcsh _93735 |
|
| 710 | 2 |
_aCopyright Paperback Collection (Library of Congress) _5DLC _9705 |
|
| 906 |
_a7 _bcbc _ccopycat _d2 _encip _f19 _gy-genrareb |
||
| 942 |
_2lcc _cBK-FIC |
||
| 999 |
_c11575 _d11575 |
||